Colors that begin with the letter S - Statistics

General Stats
  • This quiz has been taken 616 times
  • The average score is 7 of 24
Answer Stats
Hint Answer % Correct
Salmon
74%
Silver
65%
Sienna
63%
Sky Blue
53%
Sandy Brown
48%
Scarlet
48%
Sea Green
42%
Sepia
33%
Sapphire
30%
Saffron
28%
Slate Gray
26%
Steel Blue
24%
Snow
21%
Spring Green
18%
Sea Shell
17%
Shocking Pink
15%
Shamrock Green
13%
Sangria
10%
School Bus Yellow
10%
Spinach
7%
Spring Bud
7%
Smalt
6%
Surf
5%
Swimming Pool
5%
No matching quizzes found
Score Distribution
Percent of People with Each Score
Percentile by Number Answered
Your Score History
You have not taken this quiz